[Event "IECC KO-4017"]
[Site "IECC email"]
[Date "2004.06.10"]
[Round "?"]
[White "Aberlenc, Thomas"]
[Black "Bestvina, Mladen"]
[Result "0-1"]
[WhiteElo "2037"]
[BlackElo "2181"]
[PlyCount "72"]
[EventDate "2004.??.??"]
[EventType "match (corr)"]
[EventRounds "2"]
[SourceTitle "Corr 2020"]
[Source "ChessBase"]
[SourceDate "2019.09.30"]
[SourceVersion "1"]
[SourceVersionDate "2019.09.30"]
[SourceQuality "1"]
[WhiteTeam "France"]
[BlackTeam "United States"]
[WhiteTeamCountry "FRA"]
[BlackTeamCountry "USA"]

1. e4 c5 2. Nc3 Nc6 3. f4 g6 4. Nf3 Bg7 5. Bc4 e6 6. 0-0 Nge7 7. d3 d5 8. Bb3 0-0 9. Qe1 Na5 10. exd5 Nxb3 11. axb3 Nxd5 12. Ne4 b6 13. Ne5 Bb7 14. Bd2 Qc7 15. Qh4 Nb4 16. Bc3 Qd8 17. Qf2 Nd5 18. Rfe1 f6 19. Nc4 Qc7 20. Bd2 f5 21. Ng5 Bd4 22. Be3 Nxe3 23. Nxe3 Rfe8 24. c3 Bf6 25. Qg3 a5 26. Nc4 Bd5 27. Nf3 Re7 28. Ra3 b5 29. Nce5 b4 30. Raa1 Bxb3 31. Rec1 Qd6 32. Nd2 bxc3 33. bxc3 Bd5 34. Ndc4 Qc7 35. Ne3 Bb7 36. Rcb1 g5 0-1

[Event "IECC KO-4017"]
[Site "IECC email"]
[Date "2004.06.10"]
[Round "?"]
[White "Bestvina, Mladen"]
[Black "Aberlenc, Thomas"]
[Result "1/2-1/2"]
[WhiteElo "2187"]
[BlackElo "2023"]
[PlyCount "49"]
[EventDate "2004.??.??"]
[EventType "match (corr)"]
[EventRounds "2"]
[SourceTitle "Corr 2020"]
[Source "ChessBase"]
[SourceDate "2019.09.30"]
[SourceVersion "1"]
[SourceVersionDate "2019.09.30"]
[SourceQuality "1"]
[WhiteTeam "United States"]
[BlackTeam "France"]
[WhiteTeamCountry "USA"]
[BlackTeamCountry "FRA"]

1. e4 c5 2. Nf3 d6 3. d4 cxd4 4. Nxd4 Nf6 5. Nc3 g6 6. Be3 Bg7 7. f3 0-0 8. Qd2 Nc6 9. 0-0-0 d5 10. Kb1 Nxd4 11. e5 Nxf3 12. gxf3 Nh5 13. Qxd5 Qc7 14. f4 Bg4 15. Rd4 Rad8 16. Rc4 Qd7 17. Qg2 f6 18. Rd4 Qc8 19. Nd5 Kh8 20. Nxe7 Qc5 21. c3 fxe5 22. Rxd8 Qxe3 23. Qd5 Qe1+ 24. Kc2 Qf2+ 25. Kb1 1/2-1/2

[Event "IECC CL1-2000.27"]
[Site "IECC email"]
[Date "2000.11.05"]
[Round "?"]
[White "Bestvina, Mladen"]
[Black "Espindola, Carlos Alejandro"]
[Result "1-0"]
[WhiteElo "2122"]
[BlackElo "2437"]
[PlyCount "73"]
[EventDate "2000.??.??"]
[EventType "tourn (corr)"]
[EventRounds "4"]
[SourceTitle "Corr 2008"]
[Source "ChessBase"]
[SourceDate "2008.06.24"]
[SourceVersion "1"]
[SourceVersionDate "2008.06.24"]
[SourceQuality "1"]

1. e4 e5 2. Nf3 Nc6 3. d4 exd4 4. Nxd4 Nf6 5. Nxc6 bxc6 6. e5 Qe7 7. Qe2 Nd5 8. c4 Nb6 9. Nd2 Bb7 10. b3 a5 11. a4 Qe6 12. Bb2 Bb4 13. 0-0-0 0-0-0 14. Nf3 Qh6+ 15. Qe3 Qxe3+ 16. fxe3 Rde8 17. Bd3 h6 18. Rhf1 Rhg8 19. Nd4 c5 20. Nc2 Re7 21. e4 Kd8 22. Ne3 Nc8 23. Rf3 c6 24. Be2 Kc7 25. Nf5 Ree8 26. Rg3 Ref8 27. Nxg7 Ne7 28. Bh5 Kc8 29. Bg4 Rd8 30. Nh5 Rg6 31. Nf6 Kc7 32. e6 dxe6 33. Be5+ Kc8 34. Rxd8+ Kxd8 35. Rd3+ Kc8 36. Bh5 Rg5 37. Bf4 1-0

[Event "IECC CL2-2000.14"]
[Site "IECC email"]
[Date "2000.03.10"]
[Round "?"]
[White "Draba, Henryk"]
[Black "Bestvina, Mladen"]
[Result "0-1"]
[WhiteElo "1939"]
[BlackElo "2057"]
[PlyCount "72"]
[EventDate "2000.??.??"]
[EventType "tourn (corr)"]
[EventRounds "4"]
[SourceTitle "Corr 2008"]
[Source "ChessBase"]
[SourceDate "2008.06.24"]
[SourceVersion "1"]
[SourceVersionDate "2008.06.24"]
[SourceQuality "1"]

1. d4 Nf6 2. c4 g6 3. Nf3 Bg7 4. Nc3 d5 5. e3 0-0 6. Be2 c5 7. 0-0 cxd4 8. exd4 Nc6 9. h3 Bf5 10. Be3 dxc4 11. Bxc4 Rc8 12. Be2 Be6 13. Qd2 Qa5 14. Bh6 Rfd8 15. Bxg7 Kxg7 16. Rfd1 Rd6 17. a3 Bb3 18. Re1 Qb6 19. Nb5 Rd7 20. Qe3 Be6 21. Red1 Nd5 22. Qd2 Na5 23. Ne5 Rdd8 24. Rac1 Nb3 25. Qe1 Nxc1 26. Rxc1 f6 27. Rxc8 Rxc8 28. Nf3 a6 29. Nc3 Qxb2 30. Bd1 Qxa3 31. Nb1 Qc1 32. Nbd2 Nf4 33. Kh2 Bf7 34. Qe4 Qxd1 35. Qxf4 b5 36. Qe3 Rc2 0-1